000
00398nam a2200133Ia 4500
008
100328s9999 xx 000 0 und d
082
_b
47680
100
_a
वाळिंबे शरदचंद्र
245
_a
हिंदुस्थानी
260
_b
शांती
630
_a
हिंदुस्थानी
730
_a
हिंदुस्थानी
942
_c
BOOK
999
_c
535422
_d
535419